000 01097cam5a220025300 4500
001 qcf00354303
005 20190815094415.0
008 790330s1953 be 000 0 fre d
035 _a(Sirsi) r46747
035 _a(QCAT)lss02283069
035 _a(UPRA)qcf00354303
040 _dUPRA
100 0 _aLorenzo da Lucca, b. 1666.
_dLorenzo da Lucca, b. 1666.
_6A4691.1
245 1 0 _aRelations sur le Congo du pere Laurent de Lucques (1700-1717) /
_cTraduites et annotees par J. Cuvelier.
260 _a[Bruxelles,
_c1953]
490 1 _aMemoires. Collection in-8 ;
_vt. 32, fasc. 2. Serie historique
650 0 _aMissions -- Zaire.
_zMissions -- Zaire.
_6S3300.1
651 0 _aZaire -- Description and travel.
_xZaire -- Description and travel.
_6S3301.1
700 1 _aCuvelier, Jean, Bp., 1882-
_cCuvelier, Jean, Bp., 1882-
_dCuvelier, Jean, Bp., 1882-
_6A4692.1
830 0 _aMemoires. Collection in-8 (Institut royal colonial belge. Section des sciences morales et politiques) ;
_vv. 32, no. 2.
_6S2076.1
949 _aBV3625
_wlcc
_mMAIN
_tBOOK
_lON-SHELF
004 46747
987 _aWITHDRAWN.
999 _c59570
_d59570